000
00273nam a2200109Ia 4500
008
230907s9999||||xx |||||||||||||| ||und||
082
_a
621.3822
_b
NAH
100
_a
Nahvi, Mahmood.
_9
103708
245
0
_a
Signals and systems /
300
_a
xxiii, 1144 pages :
942
_c
BK
999
_c
598626
_d
598626